000 00999cam a2200361Ia 4500
001 84349
005 20230410130840.0
008 820812t1981 sp 000 0 spa d
035 _a(OCoLC)ocm08681113
040 _aNDD
_cNDD
_dOCL
_dOCLCG
020 _a8423901351
020 _a9788423901357
029 1 _aNLGGC
_b83135092X
029 1 _aNZ1
_b4803242
029 1 _aNZ1
_b12194519
035 _a(OCoLC)8681113
050 1 4 _aPQ 6412
_bM285o 1981
082 0 0 _a861.2
049 _aGRAL
100 1 _aManrique, Jorge,
_d1440?-1479.
245 1 0 _aObra completa /
_cJorge Manrique ; edición, prologo y vocabulario de Augusto Cortina.
250 _a14a ed.
260 _aMadrid :
_bEspasa-Calpe, S.A.,
_c1981
300 _a144 p. ;
_c20 cm.
440 0 _aColección austral ;
_v135
650 4 _aCES
650 4 _aColección Enriquillo Sánchez
650 4 _aPoesía española.
700 1 _aCortina, Augusto,
_d1902-
942 _2lcc
_cbk
994 _aC0
_bDRFGD
946 _asadt
999 _c81508
_d81508